| 000 | 00000nam 2200000zi 4500 |
| 001 | 9.885018 |
| 003 | CaOODSP |
| 005 | 20221107171024 |
| 006 | m o d f |
| 007 | cr cn||||||||| |
| 008 | 200225e202001 onc ob f000 0 fre d |
| 020 | |a9780660342412 |
| 040 | |aCaOODSP|bfre|erda|cCaOODSP |
| 043 | |an-cn--- |
| 086 | 1 |aH164-296/2020F-PDF |
| 110 | 1 |aCanada. |bDirection générale des produits de santé et des aliments, |eauteur. |
| 245 | 10|aAvis consultatif sur les risques de la Direction générale des produits de santé et des aliments (DGPSA) : |brisques pour la santé humaine liés à la maladie débilitante chronique / |cpréparé par Direction générale des produits de santé et des aliments, Santé Canada. |
| 246 | 17|aAvis consultatif sur les risques de la DGPSA : |brisques pour la santé humaine liés à la maladie débilitante chronique |
| 264 | 1|aOttawa (Ontario) : |bSanté Canada = Health Canada, |cjanvier 2020. |
| 264 | 4|c©2020 |
| 300 | |a1 ressource en ligne (10 pages) |
| 336 | |atexte|btxt|2rdacontent/fre |
| 337 | |ainformatique|bc|2rdamedia/fre |
| 338 | |aressource en ligne|bcr|2rdacarrier/fre |
| 500 | |aPublié aussi en anglais sous le titre : Health Products and Food Branch (HPFB) risk advisory opinion: potential human health risks from chronic wasting disease. |
| 500 | |a« Pub. : 200206. » |
| 504 | |aComprend des références bibliographiques (pages 8-9). |
| 650 | 6|aMaladie du dépérissement chronique|xEĢvaluation du risque|zCanada. |
| 650 | 6|aRisques pour la santé|xÉvaluation|zCanada. |
| 710 | 1 |aCanada. |bSanté Canada, |eorganisme de publication. |
| 775 | 08|tHealth Products and Food Branch (HPFB) risk advisory opinion : |w(CaOODSP)9.885017 |
| 856 | 40|qPDF|s1,009 Ko|uhttps://publications.gc.ca/collections/collection_2021/sc-hc/H164-296-2020-fra.pdf |